Anthropology : an introduction to the study of man and civilization
Αποθηκεύτηκε σε:
| Κύριος συγγραφέας: | |
|---|---|
| Μορφή: | Βιβλίο |
| Γλώσσα: | English |
| Δημοσίευση: |
London :
Macmillan,
1881.
|
| Θέματα: | |
| Ετικέτες: |
Προσθήκη ετικέτας
Δεν υπάρχουν, Καταχωρήστε ετικέτα πρώτοι!
|
MARC
| LEADER | 00000cam a2200000 i 4500 | ||
|---|---|---|---|
| 001 | 1/1595 | ||
| 008 | 950712s1881 enk| ||| |||| ||eng|| | ||
| 035 | |l 10014499 | ||
| 040 | |a GR-MyUa |b gre |e AACR2 | ||
| 041 | 0 | |a eng | |
| 082 | 7 | |a 306.01 |2 (22) | |
| 100 | 1 | |a Tylor, Edward B. |q (Edward Burnett), |d 1832-1917. | |
| 245 | 1 | 0 | |a Anthropology : |b an introduction to the study of man and civilization / |c Edward B. Tylor. |
| 260 | |a London : |b Macmillan, |c 1881. | ||
| 300 | |a 448 σ. : |b εικ. ; |c 20 εκ. | ||
| 500 | |a Περιλαμβάνει ευρετήριο. | ||
| 650 | 0 | 0 | |a Anthropology. |
| 650 | 0 | 0 | |a Civilization. |
| 852 | |a INST |b LESVOS |e 19950712 |h 306.01 TYL |p 005100007708 |q 005100007708 |t BK |y 0 | ||
| 852 | |a INST |b LESVOS |e 20000623 |h 306.01 TYL |p 005100024646 |q 005100024646 |t BK |y 0 | ||
| 901 | |a BIBL1-2000-2 | ||
| 970 | |z 2000/06/ΔΕΜΕΝΑΓΑΣ (ELIDOC) | ||